Transtornando el universo /
Narración de una vida, el testimonio de un trabajo científico, la puesta en perspectiva de cardinales problemas de conciencia, y, en fin, el luminoso recuento de una mirada apasionada al mundo de lo real desde sus resquicios íntimos, las partículas subatómicas, hasta los espectáculos más grandiosos,...
Shranjeno v:
| Glavni avtor: | |
|---|---|
| Format: | Knjiga |
| Jezik: | španščina |
| Izdano: |
México :
Fondo de Cultura Económica : Consejo Nacional de Ciencia y Tecnología,
1982, c1982
|
| Teme: | |
| Oznake: |
Brez oznak, prvi označite!
|
MARC
| LEADER | 00000nam^a2200000^a^4500 | ||
|---|---|---|---|
| 001 | 000022508 | ||
| 005 | 20250521000000.0 | ||
| 009 | 20260310084457.93 | ||
| 020 | |a 968-16-1293-0 | ||
| 037 | |a Acervo ITESO - Biblioteca | ||
| 041 | |a ESP | ||
| 082 | |a 500. |b DYS | ||
| 100 | |a Dyson, Freeman J. |e (autor) | ||
| 245 | 1 | 0 | |a Transtornando el universo / |c F.J. Dyson ; tr. por Jenny Kesnikoff, Juan José Utrilla. |
| 264 | 4 | |a México : |b Fondo de Cultura Económica : |b Consejo Nacional de Ciencia y Tecnología, |c 1982, c1982 | |
| 300 | |a 316 p. | ||
| 336 | |a texto |b txt |2 rdacontenido | ||
| 337 | |a sin mediación |b n |2 rdamedio | ||
| 338 | |a volumen |b nc |2 rdasoporte | ||
| 500 | |a Traducción de: Disturbing the Universe | ||
| 520 | |a Narración de una vida, el testimonio de un trabajo científico, la puesta en perspectiva de cardinales problemas de conciencia, y, en fin, el luminoso recuento de una mirada apasionada al mundo de lo real desde sus resquicios íntimos, las partículas subatómicas, hasta los espectáculos más grandiosos, como las inquietantes galaxias del espacio interestelar. | ||
| 649 | |a XX | ||
| 650 | |a Ciencia | ||
| 910 | |a Fondo General | ||
| 920 | |a Impresos - Libros | ||
| 930 | |a Colección General | ||
| 905 | |a 101 | ||
| 901 | |a 0225080100 |b IT1 |c ACC |i 022508 |u 20250521 | ||
| 902 | |a https://opac.biblio.iteso.mx/vufind/Record/000022508 | ||